Представление документа в формате MARC21

Поле Инд. ПП Название Значение
Тип записи a
Библиографический уровень b
001 Контрольный номер RU/IS/BASE/140004494
005 Дата корректировки 20181127140231.5
084 a Индекс другой классификации/Индекс ББК 60.546.21; 60.527; 60.524.1
245 a Заглавие Москвичи о проблемах безопасности и жизнеобеспечения столицы
520 a Аннотация Цель исследования - выявить отношение людей к состоянию безопасности и жизнеобеспечения в г.Москва, характер восприятия проблем в этой сфере
650 a Основная рубрика общественное мнение
a Основная рубрика социология
a Основная рубрика социология города
a Основная рубрика социология групп
a Основная рубрика территориальные сообщества
653 a Ключевые слова безопасность жизнедеятельности
a Ключевые слова безопасность населения
a Ключевые слова безопасность человека
a Ключевые слова города
a Ключевые слова городское население
a Ключевые слова духовная безопасность
a Ключевые слова Москва
a Ключевые слова москвичи
a Ключевые слова обеспечение безопасности жизнедеятельности
a Ключевые слова политическая безопасность
a Ключевые слова социальные проблемы
a Ключевые слова социологические исследования
a Ключевые слова физическая безопасность
a Ключевые слова экономическая безопасность
773 t Заглавие источника Вестник Московского университета. Серия 18, Социология и политология
d Дата издания источника 2002
g Прочая информация № 2. - С. 142 - 162 : табл.
w Контрольный № источника RU/IS/BASE/148577961
901 t Тип документа b